Careers in Hospitality Hotel Management exam guide Hotel management (Record no. 846)

MARC details
000 -LEADER
Fixed length control field 00487nam a2200169 4500
003 - CONTROL NUMBER IDENTIFIER
Control field SEACOMMC
005 - DATE AND TIME OF LATEST TRANSACTION
Control field 20250426124342.0
008 - FIXED-LENGTH DATA ELEMENTS--GENERAL INFORMATION
Fixed length control field 241209b |||||||| |||| 00| 0 eng d
020 ## - INTERNATIONAL STANDARD BOOK NUMBER / ISBN
Price Rs.200.00
040 ## - CATALOGING SOURCE
Original cataloging agency SEACOMMC
082 ## - DEWEY DECIMAL CLASSIFICATION NUMBER
Classification number 647.94023
Book Number R 343
100 ## - MAIN ENTRY--PERSONAL NAME
Personal name Rego, Gladvin
245 1# - TITLE STATEMENT
Title Careers in Hospitality Hotel Management exam guide Hotel management
Statement of responsibility Gladvin Rego
260 ## - IMPRINT
Place of publication Kolkata
Name of publisher Shroff Publishers
Date of publication 2004
650 ## - SUBJECT ADDED ENTRY--TOPICAL TERM
Topical term Human Resourse Management
942 ## - ADDED ENTRY ELEMENTS (KOHA)
Koha item type Books
Holdings
Withdrawn status Lost status Source of classification Damaged status Not for loan Home library Current library Shelving location Date acquired Total Checkouts Call number Accession number Date last seen Price effective from Koha item type
    Dewey Decimal Classification     SEACOM MANAGEMENT COLLEGE SEACOM MANAGEMENT COLLEGE Reference 04/12/2007   647.94023 R 343 M-1131 09/12/2024 09/12/2024 Books
© Seacom Engineering College, All rights reserved.    Powered by Koha